Knowledge & Society. (Record no. 30403)

MARC details
000 -LEADER
fixed length control field 00391nam a2200169Ia 4500
008 - FIXED-LENGTH DATA ELEMENTS--GENERAL INFORMATION
fixed length control field 220531s9999 xx 000 0 und d
041 ## - LANGUAGE CODE
Language code of text/sound track or separate title eng
082 ## - DEWEY DECIMAL CLASSIFICATION NUMBER
Item number OOM
100 ## - MAIN ENTRY--PERSONAL NAME
Personal name Oommen, T. K.
9 (RLIN) 52368
245 ## - TITLE STATEMENT
Title Knowledge & Society.
260 ## - PUBLICATION, DISTRIBUTION, ETC. (IMPRINT)
Name of publisher, distributor, etc. Oxford
Date of publication, distribution, etc. 2005
300 ## - PHYSICAL DESCRIPTION
Extent 195
542 ## - INFORMATION RELATING TO COPYRIGHT STATUS
Copyright holder 18-02-2009
650 ## - SUBJECT ADDED ENTRY--TOPICAL TERM
Topical term or geographic name as entry element Sociology
9 (RLIN) 52369
906 ## - LOCAL DATA ELEMENT F, LDF (RLIN)
d 2008-2009
Holdings
Withdrawn status Lost status Source of classification or shelving scheme Damaged status Not for loan Home library Current library Date acquired Vendor Cost, normal purchase price Total Checkouts Total Holds Full call number Barcode Date last seen Bill Date Koha item type Original Barcode
    Dewey Decimal Classification     Shri Siddhivinayak Mahila Mahavidyalaya Shri Siddhivinayak Mahila Mahavidyalaya 18/02/2009 International 495.00   1 /OOM/B/11400 SSMM-BK-11400 06/08/2022 06/08/2022 Books 010011400